[Event "RUS-chT (Women)"]
[Site "Sochi"]
[Date "2020.11.22"]
[Round "4.6"]
[White "Tinina, Kristina"]
[Black "Absalyamova, Karina"]
[Result "1-0"]
[WhiteElo "1678"]
[BlackElo "1884"]
[PlyCount "115"]
[EventDate "2020.11.19"]
[EventType "team-swiss"]
[EventRounds "9"]
[EventCountry "RUS"]
[SourceTitle "CBM 199 Extra"]
[Source "ChessBase"]
[SourceDate "2021.01.31"]
[SourceVersion "1"]
[SourceVersionDate "2021.01.31"]
[SourceQuality "1"]
[WhiteTeam "Belgorodsk Region (W)"]
[BlackTeam "Bashkortostan Tolpar (W)"]
[WhiteTeamCountry "RUS"]
[BlackTeamCountry "RUS"]

1. e4 e6 2. d4 d5 3. Nc3 dxe4 4. Nxe4 Bd7 5. Nf3 Bc6 6. Bd3 Nd7 7. c3 Ngf6 8. Nxf6+ Nxf6 9. Qe2 Bxf3 10. Qxf3 Qd5 11. Qxd5 Nxd5 12. 0-0 0-0-0 13. Be4 Be7 14. Be3 f5 15. Bf3 g5 16. Rae1 g4 17. Bxd5 Rxd5 18. Bf4 Kd7 19. c4 Ra5 20. a3 Bf6 21. Rd1 Rg8 22. Rfe1 Bg5 23. Be5 Rg6 24. Rd3 Bf6 25. Bf4 Bg5 26. Be5 Bf6 27. Bf4 Bg5 28. b4 Ra6 29. b5 Ra4 30. Bxg5 Rxg5 31. d5 e5 32. c5 Rc4 33. c6+ Kd6 34. g3 b6 35. Kg2 e4 36. Rd2 Rg7 37. h3 Rc3 38. hxg4 Rxg4 39. Rh1 Rg7 40. Rh6+ Kc5 41. Rh5 Rd3 42. Rc2+ Kxd5 43. Rxf5+ Ke6 44. Rf4 Rxa3 45. Rxe4+ Kd5 46. Re8 Rb3 47. Rd2+ Kc4 48. Rd7 Rg6 49. Rxc7 Kxb5 50. Re5+ Ka6 51. Ree7 b5 52. Rxa7+ Kb6 53. c7 Rc3 54. Rxh7 b4 55. Ra8 Rgc6 56. Rb8+ Ka5 57. c8Q Rxc8 58. Ra7# 1-0

[Event "RUS-chT (Women)"]
[Site "Sochi"]
[Date "2020.11.21"]
[Round "3.5"]
[White "Absalyamova, Karina"]
[Black "Mukhina, Jana"]
[Result "0-1"]
[WhiteElo "1884"]
[BlackElo "2012"]
[PlyCount "40"]
[EventDate "2020.11.19"]
[EventType "team-swiss"]
[EventRounds "9"]
[EventCountry "RUS"]
[SourceTitle "CBM 199 Extra"]
[Source "ChessBase"]
[SourceDate "2021.01.31"]
[SourceVersion "1"]
[SourceVersionDate "2021.01.31"]
[SourceQuality "1"]
[WhiteTeam "Bashkortostan Tolpar (W)"]
[BlackTeam "Kursk Region Amazons (W)"]
[WhiteTeamCountry "RUS"]
[BlackTeamCountry "RUS"]

1. d4 d5 2. c4 Nc6 3. Nf3 Bg4 4. e3 e5 5. dxe5 dxc4 6. Qa4 Bxf3 7. gxf3 Qd5 8. e4 Qxe5 9. Bxc4 Bb4+ 10. Nd2 Bxd2+ 11. Bxd2 Qxb2 12. Rc1 Rd8 13. Rc2 Qf6 14. Be2 Nge7 15. 0-0 Rxd2 16. Rxd2 Qg5+ 17. Kh1 Qxd2 18. Bc4 Qc3 19. Kg2 Ng6 20. Be2 Nf4+ 0-1

[Event "RUS-chT (Women)"]
[Site "Sochi"]
[Date "2019.05.10"]
[Round "9.3"]
[White "Mironenko, Galina"]
[Black "Absalyamova, Karina"]
[Result "1-0"]
[WhiteElo "1901"]
[BlackElo "2014"]
[PlyCount "95"]
[EventDate "2019.05.01"]
[EventType "team-swiss"]
[EventRounds "9"]
[EventCountry "RUS"]
[SourceTitle "CBM 190 Extra"]
[Source "ChessBase"]
[SourceDate "2019.07.15"]
[SourceVersion "1"]
[SourceVersionDate "2019.07.15"]
[SourceQuality "1"]
[WhiteTeam "Cheliabinsk Yuzhnyy Ural (W)"]
[BlackTeam "Bashkortostan Tolpar (W)"]
[WhiteTeamCountry "RUS"]
[BlackTeamCountry "RUS"]

1. e4 e6 2. d4 d5 3. Nc3 dxe4 4. Nxe4 Nd7 5. g3 Ngf6 6. Nxf6+ Nxf6 7. Bg2 Bd6 8. Nf3 0-0 9. 0-0 c6 10. Qe2 Qc7 11. c4 b6 12. b3 Re8 13. Bb2 Bb7 14. Rac1 Nd7 15. Ng5 h6 16. Ne4 Bf8 17. Rfd1 Rad8 18. f4 c5 19. d5 exd5 20. cxd5 f5 21. Qc4 Kh8 22. Nf2 Qd6 23. Qd3 Nf6 24. Qxf5 Re2 25. Be5 Bc8 26. Qd3 Rxe5 27. fxe5 Qxe5 28. Re1 Qg5 29. Rcd1 Bf5 30. Qa6 c4 31. Qxc4 Bc5 32. b4 Be3 33. Bf3 Rf8 34. Qe2 Re8 35. d6 Ng4 36. Bxg4 Bxg4 37. d7 Bxd7 38. Rxd7 Qf5 39. Rdd1 Qe4 40. Qxe3 Qxe3 41. Rxe3 Rxe3 42. Rd3 Re2 43. Ra3 Re7 44. Nd3 Kh7 45. Kf2 Kg6 46. Nf4+ Kf5 47. Kf3 g5 48. g4+ 1-0

[Event "RUS-chT (Women)"]
[Site "Sochi"]
[Date "2019.05.07"]
[Round "6.3"]
[White "Absalyamova, Karina"]
[Black "Degtyareva, Kristina"]
[Result "1-0"]
[WhiteElo "2014"]
[BlackElo "1812"]
[PlyCount "131"]
[EventDate "2019.05.01"]
[EventType "team-swiss"]
[EventRounds "9"]
[EventCountry "RUS"]
[SourceTitle "CBM 190 Extra"]
[Source "ChessBase"]
[SourceDate "2019.07.15"]
[SourceVersion "1"]
[SourceVersionDate "2019.07.15"]
[SourceQuality "1"]
[WhiteTeam "Bashkortostan Tolpar (W)"]
[BlackTeam "Altai Territory (W)"]
[WhiteTeamCountry "RUS"]
[BlackTeamCountry "RUS"]

1. c4 g6 2. Nc3 Bg7 3. g3 d6 4. Bg2 Nd7 5. e4 e5 6. Nge2 Ne7 7. 0-0 0-0 8. d3 h6 9. Be3 f5 10. Qd2 Kh7 11. Rab1 Nf6 12. h3 a5 13. b4 axb4 14. Rxb4 Nc6 15. Rb3 Na5 16. Rb2 fxe4 17. Nxe4 Nxe4 18. Bxe4 Bxh3 19. Rc1 c6 20. Kh2 Qd7 21. Ng1 Be6 22. Bb6 d5 23. Bg2 e4 24. Rbb1 Rf5 25. Ne2 Rh5+ 26. Kg1 exd3 27. Bxa5 dxe2 28. Bc3 dxc4 29. Qxd7 Bxd7 30. Bxg7 b5 31. Bd4 Rxa2 32. Re1 c5 33. Rb2 Rxb2 34. Bxb2 Bg4 35. Bc6 Rf5 36. Kg2 b4 37. f3 c3 38. Bxc3 bxc3 39. fxg4 Re5 40. Kf2 c2 41. Bf3 h5 42. gxh5 gxh5 43. Bxe2 Kh6 44. Rc1 Kg5 45. Rxc2 Rf5+ 46. Kg2 Re5 47. Bf3 Rf5 48. Rc4 Kh6 49. Rh4 Rg5 50. Kh3 Kg6 51. Rf4 Re5 52. Kh4 Kh6 53. Rf6+ Kg7 54. Rc6 Kf7 55. Bxh5+ Ke7 56. Bg4 Kd8 57. Bc8 Re4+ 58. g4 Rc4 59. Kg5 Rc1 60. Kf6 Rh1 61. g5 Rh7 62. Be6 Rc7 63. Rxc7 Kxc7 64. g6 c4 65. Bxc4 Kd7 66. Kf7 1-0

[Event "RUS-chT (Women)"]
[Site "Sochi"]
[Date "2019.05.02"]
[Round "2.3"]
[White "Absalyamova, Karina"]
[Black "Chan, Naruna"]
[Result "0-1"]
[WhiteElo "2014"]
[BlackElo "1985"]
[PlyCount "184"]
[EventDate "2019.05.01"]
[EventType "team-swiss"]
[EventRounds "9"]
[EventCountry "RUS"]
[SourceTitle "CBM 190 Extra"]
[Source "ChessBase"]
[SourceDate "2019.07.15"]
[SourceVersion "1"]
[SourceVersionDate "2019.07.15"]
[SourceQuality "1"]
[WhiteTeam "Bashkortostan Tolpar (W)"]
[BlackTeam "Samara Region Bukavushki (W)"]
[WhiteTeamCountry "RUS"]
[BlackTeamCountry "RUS"]

1. c4 Nf6 2. Nc3 g6 3. e4 e5 4. g3 d6 5. Bg2 Bg7 6. Nge2 Nc6 7. 0-0 0-0 8. d3 Ng4 9. h3 Nh6 10. Be3 f5 11. Qd2 f4 12. gxf4 Qh4 13. f5 gxf5 14. Bg5 Qh5 15. Ng3 Qg6 16. f4 exf4 17. Bxf4 fxe4 18. Bxe4 Bf5 19. Kh2 Bxe4 20. Ngxe4 Nd4 21. Nd5 Qh5 22. Qg2 Kh8 23. Ng3 Qg6 24. Nxc7 Rad8 25. Rae1 Rf7 26. Nd5 Rdf8 27. Ne4 Nhf5 28. Qxg6 hxg6 29. Ng5 Rd7 30. Re4 Kg8 31. Rfe1 Bh6 32. Kg2 Nh4+ 33. Kh1 Nhf5 34. Re8 Bxg5 35. Bxg5 Rxe8 36. Rxe8+ Kf7 37. Rh8 Ng7 38. Bf6 Ndf5 39. Bc3 g5 40. Rh7 Kg6 41. Rh8 Rf7 42. Rd8 Ne6 43. Rg8+ Nfg7 44. Kg2 a6 45. Bb4 Kh7 46. Rc8 Nf5 47. Bc3 Nh4+ 48. Kg3 Nf5+ 49. Kg4 Kg6 50. Rg8+ Nfg7 51. Bb4 Kh7 52. Rb8 Nf5 53. Bc3 Kg6 54. Rg8+ Neg7 55. Bxg7 Nxg7 56. Rd8 Nf5 57. Rg8+ Ng7 58. Rc8 Ne6 59. Re8 Ng7 60. Ne7+ Kh7 61. Rd8 Rxe7 62. Rxd6 Ne6 63. Kf5 Nf4 64. h4 Rf7+ 65. Kxg5 Nh3+ 66. Kg4 Nf2+ 67. Kg3 Nd1 68. b4 Ne3 69. Re6 Nc2 70. Rb6 Nd4 71. a4 Nb3 72. b5 a5 73. Rd6 Nc5 74. Rd5 Nxa4 75. c5 Nc3 76. Rh5+ Kg6 77. Rg5+ Kf6 78. c6 b6 79. Rg8 Nxb5 80. Rb8 Rc7 81. Rxb6 Nd4 82. Ra6 Nxc6 83. d4 Ke6 84. h5 Kd5 85. Kg4 Kxd4 86. h6 Kc5 87. Kg5 Rc8 88. h7 Kb5 89. Rxa5+ Kxa5 90. Kf6 Ne7 91. Kg7 Nf5+ 92. Kg6 Rh8 0-1

[Event "RUS-chT (Women)"]
[Site "Sochi"]
[Date "2019.05.01"]
[Round "1.3"]
[White "Lysenko, Margarita"]
[Black "Absalyamova, Karina"]
[Result "1-0"]
[WhiteElo "2211"]
[BlackElo "2014"]
[PlyCount "73"]
[EventDate "2019.05.01"]
[EventType "team-swiss"]
[EventRounds "9"]
[EventCountry "RUS"]
[SourceTitle "CBM 190 Extra"]
[Source "ChessBase"]
[SourceDate "2019.07.15"]
[SourceVersion "1"]
[SourceVersionDate "2019.07.15"]
[SourceQuality "1"]
[WhiteTeam "Moscow Region (W)"]
[BlackTeam "Bashkortostan Tolpar (W)"]
[WhiteTeamCountry "RUS"]
[BlackTeamCountry "RUS"]

1. d4 Nf6 2. c4 e6 3. Nc3 Bb4 4. f3 d5 5. a3 Bxc3+ 6. bxc3 h6 7. e3 0-0 8. cxd5 exd5 9. Bd3 Nh5 10. Ne2 Qh4+ 11. g3 Qh3 12. Kf2 Re8 13. Bd2 Nc6 14. g4 Nf6 15. Nf4 Qh4+ 16. Kg2 Bxg4 17. fxg4 Nxg4 18. Qf3 Qg5 19. Kf1 h5 20. h3 Nf6 21. Rg1 Qh6 22. Nxd5 Nxd5 23. Qxd5 Re6 24. Qg5 Rf6+ 25. Ke2 Re8 26. Qxh6 Rxh6 27. Rg5 Ne7 28. Rag1 g6 29. Re5 Kg7 30. c4 Rhh8 31. Bc3 f6 32. Re6 c6 33. d5 cxd5 34. Bxf6+ Kf7 35. Rxe7+ Kxf6 36. Rxe8 Rxe8 37. Rxg6+ 1-0

[Event "Moscow op-B (Women)"]
[Site "Moscow"]
[Date "2016.02.05"]
[Round "7"]
[White "Borisova, Polina I"]
[Black "Absalyamova, Karina"]
[Result "0-1"]
[WhiteElo "1767"]
[BlackElo "2044"]
[PlyCount "60"]
[EventDate "2016.01.30"]
[EventType "swiss"]
[EventRounds "9"]
[EventCountry "RUS"]
[SourceTitle "CBM 170 Extra"]
[Source "ChessBase"]
[SourceDate "2016.02.25"]
[SourceVersion "1"]
[SourceVersionDate "2016.02.25"]
[SourceQuality "1"]

1. e4 e6 2. Qe2 c5 3. Nf3 Nc6 4. g3 d6 5. Bg2 Nge7 6. d3 g6 7. 0-0 Bg7 8. c3 0-0 9. Rd1 e5 10. Nbd2 h6 11. Nf1 Be6 12. Ne3 f5 13. Nh4 f4 14. gxf4 exf4 15. Nd5 g5 16. Nf5 Nxf5 17. exf5 Bxf5 18. h4 Qd7 19. hxg5 hxg5 20. Be4 Rae8 21. f3 Ne5 22. Qg2 Bxe4 23. dxe4 g4 24. Bxf4 Nxf3+ 25. Kf2 Rxe4 26. Qg3 Qe6 27. Kf1 Be5 28. Bxe5 Rxe5 29. Nf4 Qf5 30. Ng2 Qe4 0-1

[Event "Moscow op-B (Women)"]
[Site "Moscow"]
[Date "2016.02.03"]
[Round "5"]
[White "Iljushina, Olga"]
[Black "Absalyamova, Karina"]
[Result "1-0"]
[WhiteElo "2255"]
[BlackElo "2044"]
[PlyCount "59"]
[EventDate "2016.01.30"]
[EventType "swiss"]
[EventRounds "9"]
[EventCountry "RUS"]
[SourceTitle "CBM 170 Extra"]
[Source "ChessBase"]
[SourceDate "2016.02.25"]
[SourceVersion "1"]
[SourceVersionDate "2016.02.25"]
[SourceQuality "1"]

1. d4 Nf6 2. c4 e6 3. g3 Bb4+ 4. Nd2 0-0 5. Bg2 d5 6. Qc2 c6 7. Ngf3 Nbd7 8. 0-0 Re8 9. e4 e5 10. cxd5 cxd5 11. exd5 Nxd5 12. Qb3 Bxd2 13. Bxd2 N5b6 14. Bg5 Qc7 15. Rac1 Qd6 16. dxe5 Nxe5 17. Rfd1 Nxf3+ 18. Bxf3 Qg6 19. Be3 Be6 20. Qb5 Bxa2 21. Bxb7 Rad8 22. b3 Qe6 23. Bxb6 Qxb6 24. Qxb6 axb6 25. Bd5 Kf8 26. Kf1 b5 27. Ra1 Re5 28. Bf3 Rxd1+ 29. Bxd1 Rd5 30. Bc2 1-0

[Event "Moscow op-B (Women)"]
[Site "Moscow"]
[Date "2016.01.30"]
[Round "1"]
[White "Kovanova, Baira"]
[Black "Absalyamova, Karina"]
[Result "1-0"]
[WhiteElo "2381"]
[BlackElo "2044"]
[PlyCount "65"]
[EventDate "2016.01.30"]
[EventType "swiss"]
[EventRounds "9"]
[EventCountry "RUS"]
[SourceTitle "CBM 170 Extra"]
[Source "ChessBase"]
[SourceDate "2016.02.25"]
[SourceVersion "1"]
[SourceVersionDate "2016.02.25"]
[SourceQuality "1"]

1. Nf3 Nf6 2. g3 d5 3. Bg2 g6 4. c4 c6 5. b3 Bg7 6. Bb2 0-0 7. 0-0 Nbd7 8. Qc2 Re8 9. Nc3 e5 10. cxd5 Nxd5 11. d3 Nb4 12. Qd2 Qe7 13. Ba3 a5 14. Rac1 f5 15. Rfd1 e4 16. dxe4 fxe4 17. Ng5 e3 18. Qxe3 Qxe3 19. fxe3 Nf6 20. Rd2 Bf5 21. Bb2 Rxe3 22. Rcd1 Rae8 23. Rd8 Nd7 24. Rxe8+ Rxe8 25. g4 Bxg4 26. h3 Ne5 27. hxg4 Nxg4 28. Bh3 h5 29. Rd2 Bh6 30. Rd6 Ne5 31. Nce4 Nd5 32. Be6+ Kf8 33. Bxe5 1-0

[Event "PriFR-ch (Women) 10th"]
[Site "Perm"]
[Date "2011.01.07"]
[Round "5"]
[White "Shur, Tatiana"]
[Black "Absalyamova, Karina"]
[Result "0-1"]
[WhiteElo "1706"]
[BlackElo "2006"]
[PlyCount "68"]
[EventDate "2011.01.04"]
[EventType "swiss"]
[EventRounds "9"]
[EventCountry "RUS"]
[SourceTitle "EXT 2022"]
[Source "ChessBase"]
[SourceDate "2021.10.06"]
[SourceVersion "1"]
[SourceVersionDate "2021.10.06"]
[SourceQuality "1"]

1. d4 Nf6 2. c4 e6 3. Nf3 Bb4+ 4. Bd2 Qe7 5. e3 0-0 6. Nc3 Bxc3 7. Bxc3 Ne4 8. Bd3 f5 9. 0-0 b6 10. Qb3 Bb7 11. Rfd1 d6 12. d5 Nc5 13. Qc2 Nxd3 14. Qxd3 e5 15. e4 f4 16. b4 Nd7 17. Rac1 g5 18. Be1 g4 19. Nd2 Qg5 20. c5 dxc5 21. Qb5 Nf6 22. bxc5 g3 23. cxb6 Ng4 24. hxg3 fxg3 25. Nf3 Rxf3 26. gxf3 gxf2+ 27. Kf1 fxe1Q+ 28. Kxe1 axb6 29. fxg4 Qh4+ 30. Kd2 Qf2+ 31. Kc3 Ra3+ 32. Qb3 Rxb3+ 33. Kxb3 Qe3+ 34. Kb2 Qxe4 0-1

[Event "PriFR-ch (Women) 10th"]
[Site "Perm"]
[Date "2011.01.05"]
[Round "2"]
[White "Absalyamova, Karina"]
[Black "Alekseeva, Natalia"]
[Result "1-0"]
[WhiteElo "2006"]
[BlackElo "1847"]
[PlyCount "77"]
[EventDate "2011.01.04"]
[EventType "swiss"]
[EventRounds "9"]
[EventCountry "RUS"]
[SourceTitle "EXT 2022"]
[Source "ChessBase"]
[SourceDate "2021.10.06"]
[SourceVersion "1"]
[SourceVersionDate "2021.10.06"]
[SourceQuality "1"]

1. c4 e5 2. Nc3 Nf6 3. g3 Bb4 4. Bg2 0-0 5. e4 Bxc3 6. bxc3 c6 7. Qb3 b6 8. Ne2 Na6 9. d4 d6 10. 0-0 Re8 11. Qc2 Be6 12. Qa4 Qc8 13. Bg5 Nd7 14. f4 f6 15. Bh4 Bg4 16. Rae1 c5 17. d5 Bxe2 18. Rxe2 Nf8 19. f5 Nc7 20. g4 h6 21. Be1 Qd7 22. Qd1 Nh7 23. h4 Kf7 24. Bf3 b5 25. Bd2 bxc4 26. Rg2 Rh8 27. g5 hxg5 28. hxg5 fxg5 29. Bh5+ Ke7 30. Bxg5+ Nxg5 31. Rxg5 Rag8 32. Qg4 Ne8 33. Bxe8 Kxe8 34. Rg6 Kf7 35. Qg5 Rh6 36. Rf2 Qe7 37. f6 gxf6 38. Rgxf6+ Ke8 39. Qxg8+ 1-0

[Event "PriFR-ch (Women) 10th"]
[Site "Perm"]
[Date "2011.01.05"]
[Round "3"]
[White "Matveeva, Olga"]
[Black "Absalyamova, Karina"]
[Result "1-0"]
[WhiteElo "2215"]
[BlackElo "2006"]
[PlyCount "69"]
[EventDate "2011.01.04"]
[EventType "swiss"]
[EventRounds "9"]
[EventCountry "RUS"]
[SourceTitle "EXT 2022"]
[Source "ChessBase"]
[SourceDate "2021.10.06"]
[SourceVersion "1"]
[SourceVersionDate "2021.10.06"]
[SourceQuality "1"]

1. d4 Nf6 2. c4 e6 3. Nc3 Bb4 4. e3 c5 5. dxc5 Bxc3+ 6. bxc3 Qa5 7. Qb3 Ne4 8. Ba3 Na6 9. Bb4 Qc7 10. Nf3 Naxc5 11. Qc2 f5 12. Nd4 a6 13. f3 Nd6 14. Rd1 b6 15. Be2 0-0 16. 0-0 Rf6 17. a4 Rh6 18. g3 Bb7 19. Ra1 Rf8 20. a5 e5 21. Nb3 Nde4 22. fxe4 Nxe4 23. Bxf8 Ng5 24. Rxf5 Be4 25. Be7 g6 26. Rf8+ Kg7 27. Qd1 Nh3+ 28. Kf1 Qc6 29. Qd6 Bg2+ 30. Ke1 Qxd6 31. Bxd6 Ng5 32. Rf2 Rxh2 33. Bxe5+ Kg8 34. Nd2 Rh1+ 35. Bf1 1-0

[Event "PriFR-ch (Women) 10th"]
[Site "Perm"]
[Date "2011.01.04"]
[Round "1"]
[White "Chekmareva, Liya"]
[Black "Absalyamova, Karina"]
[Result "1/2-1/2"]
[WhiteElo "1718"]
[BlackElo "2006"]
[PlyCount "86"]
[EventDate "2011.01.04"]
[EventType "swiss"]
[EventRounds "9"]
[EventCountry "RUS"]
[SourceTitle "EXT 2022"]
[Source "ChessBase"]
[SourceDate "2021.10.06"]
[SourceVersion "1"]
[SourceVersionDate "2021.10.06"]
[SourceQuality "1"]

1. e4 e6 2. d4 d5 3. exd5 exd5 4. Bd3 Bd6 5. h3 Nf6 6. Qf3 0-0 7. Ne2 Re8 8. c3 c5 9. 0-0 Ne4 10. Ng3 Bxg3 11. fxg3 Qe7 12. dxc5 Qxc5+ 13. Be3 Qe7 14. Bxe4 dxe4 15. Qf2 Nc6 16. Nd2 h6 17. Nc4 Be6 18. Bc5 Qc7 19. Nd6 Ne5 20. Nxe8 Rxe8 21. Bd4 Bc4 22. Rfb1 Nd3 23. Qe3 Re6 24. b3 Bb5 25. a4 Bd7 26. Rf1 Rg6 27. Kh2 h5 28. Rf4 Nxf4 29. Qxf4 Qxf4 30. gxf4 a6 31. Re1 f5 32. Re3 Kf7 33. Rg3 Be6 34. Rxg6 Kxg6 35. c4 Kh6 36. h4 Kg6 37. a5 Kf7 38. Kg1 g6 39. Kf2 Ke7 40. Ke3 Kd6 41. Kd2 Kc6 42. Kc3 Bf7 43. Be3 Be8 1/2-1/2

[Event "Ufa Kopylov Memorial op-B 7th"]
[Site "Ufa"]
[Date "2010.12.28"]
[Round "9"]
[White "Kutlyarov, Aleksandr"]
[Black "Absalyamova, Karina"]
[Result "0-1"]
[WhiteElo "2119"]
[BlackElo "1965"]
[PlyCount "68"]
[EventDate "2010.12.21"]
[EventType "swiss"]
[EventRounds "9"]
[EventCountry "RUS"]
[SourceTitle "EXT 2012"]
[Source "ChessBase"]
[SourceDate "2011.11.24"]
[SourceVersion "1"]
[SourceVersionDate "2011.11.24"]
[SourceQuality "1"]

1. d4 Nf6 2. c4 e6 3. Nc3 Bb4 4. Qc2 0-0 5. e3 c5 6. Nf3 b6 7. Bd3 Bb7 8. 0-0 Bxc3 9. bxc3 Qc7 10. e4 d6 11. Bg5 Nbd7 12. Rfe1 e5 13. Rad1 h6 14. Bc1 Rac8 15. h3 cxd4 16. cxd4 Ba6 17. Ba3 Rfe8 18. Rc1 Nh5 19. Bf1 Nf4 20. Qd2 Bb7 21. Qb4 Re6 22. g3 Nh5 23. h4 Rf6 24. Bg2 Re8 25. Rcd1 Kh8 26. Qa4 Bc6 27. Qb4 Rg8 28. Qd2 Qc8 29. Bb2 Qe8 30. Nh2 g5 31. Qe2 Ng7 32. hxg5 hxg5 33. Ng4 Rg6 34. Bf3 Bxe4 0-1

[Event "Ufa Kopylov Memorial op-B 7th"]
[Site "Ufa"]
[Date "2010.12.26"]
[Round "6"]
[White "Absalyamova, Karina"]
[Black "Kajumov, Karim"]
[Result "1-0"]
[WhiteElo "1965"]
[BlackElo "1873"]
[PlyCount "59"]
[EventDate "2010.12.21"]
[EventType "swiss"]
[EventRounds "9"]
[EventCountry "RUS"]
[SourceTitle "EXT 2012"]
[Source "ChessBase"]
[SourceDate "2011.11.24"]
[SourceVersion "1"]
[SourceVersionDate "2011.11.24"]
[SourceQuality "1"]

1. c4 Nf6 2. Nc3 g6 3. g3 Bg7 4. Bg2 0-0 5. e4 d6 6. Nge2 e5 7. d3 Nc6 8. 0-0 Nd7 9. f4 f5 10. Be3 Nd4 11. Bxd4 exd4 12. Nb5 Nb6 13. Nbxd4 c5 14. Nf3 fxe4 15. dxe4 Bxb2 16. Rb1 Bg7 17. Ng5 h6 18. Rxb6 Qxb6 19. Qd5+ Kh8 20. Nf7+ Rxf7 21. Qxf7 Bg4 22. Nc1 Bd4+ 23. Kh1 Rg8 24. f5 Rg7 25. Qf8+ Kh7 26. h3 gxf5 27. hxg4 fxg4 28. Qf5+ Kh8 29. e5 Qd8 30. Bd5 1-0

[Event "Ufa Siamidi Memorial op"]
[Site "Ufa"]
[Date "2010.10.22"]
[Round "5"]
[White "Penzin, Vladimir"]
[Black "Absalyamova, Karina"]
[Result "1-0"]
[WhiteElo "2027"]
[BlackElo "1935"]
[PlyCount "73"]
[EventDate "2010.10.18"]
[EventType "swiss"]
[EventRounds "9"]
[EventCountry "RUS"]
[SourceTitle "EXT 2011"]
[Source "ChessBase"]
[SourceDate "2010.11.26"]
[SourceVersion "1"]
[SourceVersionDate "2010.11.26"]
[SourceQuality "1"]

1. e4 e6 2. d4 d5 3. e5 c5 4. c3 Qb6 5. a3 cxd4 6. cxd4 Nc6 7. Nf3 f6 8. Bd3 fxe5 9. dxe5 Nge7 10. 0-0 g6 11. Qe2 Bg7 12. b4 0-0 13. Bb2 Nf5 14. Nbd2 Bd7 15. Nb3 Rad8 16. Rac1 a6 17. Kh1 Qa7 18. Nc5 Qb8 19. Rce1 h6 20. g4 Nfe7 21. Nh4 g5 22. Ng2 Qc8 23. f4 Be8 24. fxg5 Rxf1+ 25. Rxf1 hxg5 26. Qe3 d4 27. Qxg5 Nxe5 28. Qxe7 Nxd3 29. Nxe6 Rd7 30. Rf8+ Bxf8 31. Qxf8+ Kh7 32. Ng5+ Kg6 33. h4 Nf2+ 34. Qxf2 Re7 35. Qxd4 Bc6 36. h5+ Kxg5 37. Qf4# 1-0

[Event "Ufa Dautov Memorial op"]
[Site "Ufa"]
[Date "2010.04.08"]
[Round "6"]
[White "Absalyamova, Karina"]
[Black "Chinchik, Alexander"]
[Result "1-0"]
[WhiteElo "1935"]
[BlackElo "2085"]
[PlyCount "43"]
[EventDate "2010.04.03"]
[EventType "swiss"]
[EventRounds "9"]
[EventCountry "RUS"]
[SourceTitle "CBM 135 Extra"]
[Source "ChessBase"]
[SourceDate "2010.05.04"]
[SourceVersion "1"]
[SourceVersionDate "2010.05.04"]
[SourceQuality "1"]

1. c4 e5 2. Nc3 Nc6 3. g3 d6 4. Bg2 Be6 5. d3 Be7 6. Rb1 Rb8 7. e4 f5 8. Nd5 Nf6 9. Ne2 0-0 10. 0-0 Qd7 11. f4 exf4 12. Nexf4 fxe4 13. Nxe6 Qxe6 14. Nxc7 Qd7 15. Nd5 exd3 16. Qxd3 Nxd5 17. Qxd5+ Kh8 18. Bf4 Nb4 19. Qd4 Rbc8 20. Rbd1 d5 21. Kh1 Rxc4 22. Qxc4 1-0

[Event "Moscow op-C (Women)"]
[Site "Moscow"]
[Date "2010.02.07"]
[Round "9.46"]
[White "Absalyamova, Karina"]
[Black "Nikitina, Elena"]
[Result "1/2-1/2"]
[WhiteElo "1872"]
[BlackElo "2030"]
[PlyCount "45"]
[EventDate "2010.01.30"]
[EventType "swiss"]
[EventRounds "9"]
[EventCountry "RUS"]
[SourceTitle "EXT 2023"]
[Source "ChessBase"]
[SourceDate "2022.10.05"]
[SourceVersion "1"]
[SourceVersionDate "2022.10.05"]
[SourceQuality "1"]

1. c4 e5 2. Nc3 Nf6 3. g3 g6 4. Bg2 Bg7 5. d3 0-0 6. e4 d6 7. Nge2 Be6 8. 0-0 Nc6 9. h3 Qd7 10. Kh2 Ne8 11. Be3 f5 12. f4 Nf6 13. Rc1 Rae8 14. Qd2 fxe4 15. Nxe4 Nxe4 16. dxe4 a6 17. a3 exf4 18. Nxf4 Ne5 19. b3 Rf7 20. Nxe6 Rxe6 21. Bf4 Ref6 22. Bxe5 dxe5 23. Qd5 1/2-1/2

[Event "Ufa Kopylov Memorial op-B 6th"]
[Site "Ufa"]
[Date "2009.12.24"]
[Round "9"]
[White "Absalyamova, Karina"]
[Black "Shajakhmetov, Linat"]
[Result "0-1"]
[WhiteElo "1872"]
[BlackElo "1953"]
[PlyCount "117"]
[EventDate "2009.12.15"]
[EventType "swiss"]
[EventRounds "9"]
[EventCountry "RUS"]
[SourceTitle "EXT 2012"]
[Source "ChessBase"]
[SourceDate "2011.11.24"]
[SourceVersion "1"]
[SourceVersionDate "2011.11.24"]
[SourceQuality "1"]

1. c4 c6 2. g3 d5 3. b3 dxc4 4. bxc4 Qd4 5. Nc3 Qxc4 6. Rb1 e5 7. Bg2 Nf6 8. Bb2 Nbd7 9. Rc1 Qe6 10. Nf3 Be7 11. d4 0-0 12. 0-0 h6 13. e4 Bb4 14. d5 cxd5 15. exd5 Qa6 16. Re1 Bxc3 17. Bxc3 e4 18. Ne5 Nxe5 19. Bxe5 Nd7 20. Rxe4 Nxe5 21. Rxe5 Qd6 22. Qe2 Bd7 23. Re1 Rfe8 24. Qb2 Rxe5 25. Rxe5 Rc8 26. Re1 b6 27. h3 Kf8 28. Qb3 g6 29. Qb2 Kg8 30. Re3 Rc7 31. Qd2 Kg7 32. Kh2 h5 33. Rf3 Bf5 34. Qd4+ Kg8 35. Re3 Rc8 36. Qa4 a5 37. Qd4 f6 38. Qa4 Kf7 39. Qb5 Bd7 40. Qe2 Re8 41. Rxe8 Bxe8 42. Qe3 h4 43. Qh6 hxg3+ 44. fxg3 b5 45. Qh7+ Kf8 46. Qh8+ Ke7 47. Qh4 Bf7 48. Qe4+ Qe5 49. Qd3 b4 50. Qb5 Qc7 51. Qe2+ Kf8 52. Qa6 Ke7 53. Qe2+ Kd8 54. Qa6 Ke7 55. Qe2+ Kd7 56. Qb5+ Ke7 57. Qe2+ Kd6 58. Qa6+ Kc5 59. Qxf6 0-1

[Event "Ufa Kopylov Memorial op-B 6th"]
[Site "Ufa"]
[Date "2009.12.22"]
[Round "7"]
[White "Absalyamova, Karina"]
[Black "Khairullin, Radik"]
[Result "1/2-1/2"]
[WhiteElo "1872"]
[BlackElo "2035"]
[PlyCount "101"]
[EventDate "2009.12.15"]
[EventType "swiss"]
[EventRounds "9"]
[EventCountry "RUS"]
[SourceTitle "EXT 2012"]
[Source "ChessBase"]
[SourceDate "2011.11.24"]
[SourceVersion "1"]
[SourceVersionDate "2011.11.24"]
[SourceQuality "1"]

1. Nf3 Nf6 2. c4 e6 3. g3 Be7 4. Bg2 d5 5. b3 0-0 6. Bb2 Nbd7 7. 0-0 Re8 8. Qc2 c6 9. Nc3 Bd6 10. Rac1 e5 11. cxd5 Nxd5 12. Ne4 Bf8 13. Neg5 N5f6 14. Qc4 Qe7 15. Nh4 Nb6 16. Qc2 h6 17. Ne4 Nfd5 18. Nc5 g6 19. Nf3 Bg7 20. d4 exd4 21. Bxd4 Bf5 22. Qb2 Bxd4 23. Nxd4 Bg4 24. h3 Bc8 25. Qd2 Kh7 26. e4 Nf6 27. f4 Nh5 28. Kh2 Ng7 29. f5 Qc7 30. Qf2 Rd8 31. Ne2 gxf5 32. exf5 Bxf5 33. Be4 Bg6 34. Qxf7 Qxf7 35. Rxf7 Rd2 36. Bxg6+ Kxg6 37. Rf2 Kh7 38. Kg2 Re8 39. Nf4 Rxf2+ 40. Kxf2 Re7 41. Rd1 Rf7 42. Kg2 Nf5 43. Rd8 Ne3+ 44. Kf3 Ned5 45. Ke4 Nxf4 46. gxf4 Nd5 47. Ne6 Nc3+ 48. Ke5 Nxa2 49. Nf8+ Kg7 50. Ne6+ Kh7 51. Nf8+ 1/2-1/2